Capital por continente y por letra - Estadísticas

Estadísticas generales
  • Esta prueba ha sido intentada 45 veces
  • La puntuación promedio es 31 de 41
Estadísticas de respuestas
Letra Capital % Correcto
B Berlín, Bruselas, Bratislava, Belgrado, Budapest, Bucarest o Berna.
98%
L Liubliana, Luxemburgo, Lisboa, Londres o La Valeta.
98%
P Pristina, Podgorica, Praga o París.
98%
M Madrid, Minsk, Mónaco o Moscú.
95%
V Varsovia, Viena, Vilna, Vaticano o Vaduz.
95%
A Andorra la Vieja, Atenas o Ámsterdam.
93%
B Buenos Aires, Brasilia, Bridgetown, Basseterre, Bogotá o Belmopán.
93%
L La Habana o Lima.
93%
R Riga o Roma.
93%
S Sarajevo, San Marino, Sofía o Skopie.
93%
M Montevideo o Managua.
90%
C Castries, Caracas o Ciudad de México.
88%
S Saint John's, Sucre, Santiago de Chile, San José, San Salvador, Saint George o Santo Domingo.
85%
S Saná, Singapur o Seúl.
85%
T Tirana, Tallín.
85%
P Paramaribo, Panamá, Puerto España o Puerto Príncipe.
83%
P Pekín o Pionyang.
83%
T Tokio, Teherán, Timbú, Tiflis, Taipéi o Taskent.
83%
A Abu Dabi, Amán, Astaná, Ankara o Asjabad.
80%
A Argel, Asmara, Adís Abeba, Acra, Antananarivo o Abuya.
80%
C Copenhague o Chisináu.
78%
D Daca, Dili, Damasco, Dusambé, Delhi o Doha.
78%
K Kabul, Kuwait, Kuala Lumpur, Kotte o Katmandú.
78%
B Bakú, Bandar Seri Begawan, Bagdad, Bangkok, Biskek o Beirut.
75%
K Kingston o Kingstown.
75%
M Manama, Manila, Mascate o Malé.
75%
D Dodoma, Djibouti o Dakar.
73%
J Jerusalén o Jakarta.
68%
T Trípoli o Túnez.
68%
Y Yuba, Yibuti, Yamena, Yaundé o Yamusukro.
68%
B Bangui, Bisáu, Banjul, Bamako, Brazzaville o Bloemfontein.
65%
L Lobamba, Luanda, Lusaka, Libreville, Lilongüe o Lomé.
65%
N Niamey, Nuakchot o Nairobi.
65%
N Nom Pen, Nursultán, Nicosia, Nueva Delhi o Naipydó.
65%
P Praia, Porto Novo, Pretoria o Port Louis.
65%
C Cotonú o Ciudad del Cabo.
60%
K Kigali, Kinsasa, Kampala.
60%
M Moroni, Maseru, Mogadiscio, Maputo, Monrovia, Malabo o Mbabane.
60%
G Gitega o Gaborone.
55%
P Port Vila o Port Moresby.
43%
N Ngerulmud o Nukualofa.
28%
No se encontraron pruebas coincidentes
Distribución de puntuación
Porcentaje de gente con cada puntuación
Porcentaje por número respondido
Historial de tus puntuaciones
No has intentado esta prueba.